Информационные технологии и системы: учебное пособие для вузов

Bibliografische gegevens
Hoofdauteur: Федотова Е. Л. Елена Леонидовна
Samenvatting:Приведены базовые понятия в области информации, информатизации, информационных технологий и систем. Исследованы вопросы правовой информатизации общества. Рассмотрены программные комплексы, аппаратно-программное обеспечение и информационные ресурсы, информационные системы и средства их обеспечения, а также вопросы информационной безопасности. Особое внимание уделено вопросам правового регулирования Интернета. Для студентов высших учебных заведений, изучающих дисциплины «Информационные технологии», «Информационные системы», «Информационные технологии в профессиональной деятельности», обучающихся по направлению подготовки бакалавров 523300 «Прикладная информатика», а также для преподавателей и специалистов.
Taal:Russisch
Gepubliceerd in: Москва, Форум, 2009
Reeks:Высшее образование
Onderwerpen:
Formaat: Boek
KOHA link:https://koha.lib.tpu.ru/cgi-bin/koha/opac-detail.pl?biblionumber=159498

MARC

LEADER 00000nam0a2200000 4500
001 159498
005 20231101222121.0
010 |a 9785160034461 
010 |a 978-5-8199-0376-6 
035 |a (RuTPU)RU\TPU\book\173004 
090 |a 159498 
100 |a 20090512d2009 m y0rusy50 ca 
101 0 |a rus 
102 |a RU 
105 |a a j 001zy 
200 1 |a Информационные технологии и системы  |e учебное пособие для вузов  |f Е. Л. Федотова 
210 |a Москва  |c Форум  |c Инфра-М  |d 2009 
215 |a 352 с.  |c ил. 
225 1 |a Высшее образование 
320 |a Библиогр.: с. 336-338. 
320 |a Глоссарий: с. 339-347. 
330 |a Приведены базовые понятия в области информации, информатизации, информационных технологий и систем. Исследованы вопросы правовой информатизации общества. Рассмотрены программные комплексы, аппаратно-программное обеспечение и информационные ресурсы, информационные системы и средства их обеспечения, а также вопросы информационной безопасности. Особое внимание уделено вопросам правового регулирования Интернета. Для студентов высших учебных заведений, изучающих дисциплины «Информационные технологии», «Информационные системы», «Информационные технологии в профессиональной деятельности», обучающихся по направлению подготовки бакалавров 523300 «Прикладная информатика», а также для преподавателей и специалистов. 
606 1 |a Информационные технологии  |x Вычислительная техника  |2 stltpush  |3 (RuTPU)RU\TPU\subj\36205  |9 57667 
606 |a Информационное право  |2 stltpush  |3 (RuTPU)RU\TPU\subj\68367  |9 83753 
606 1 |a Информационное право  |2 stltpush  |3 (RuTPU)RU\TPU\subj\68367  |9 83753 
610 1 |a информация 
610 1 |a информационное общество 
610 1 |a информатизация 
610 1 |a информационные системы 
610 1 |a информационные технологии 
610 1 |a документооборот 
610 1 |a делопроизводство 
610 1 |a автоматизация 
610 1 |a информационные правоотношения 
610 1 |a правовые системы 
610 1 |a законодательство 
610 1 |a КонсультантПлюс 
610 1 |a Гарант 
610 1 |a ЮРИУС 
610 1 |a Кодекс 
610 1 |a информационные поисковые системы 
610 1 |a Интернет 
610 1 |a интернет-технологии 
610 1 |a интеллектуальные информационные технологии 
610 1 |a информационная безопасность 
610 1 |a компьютерные преступления 
610 1 |a учебные пособия 
675 |a 681.3.01(075.8)  |v 3 
686 |a Х621.114я73  |v LBC/SL-A  |2 rubbk 
700 1 |a Федотова  |b Е. Л.  |g Елена Леонидовна 
801 1 |a RU  |b 63413507  |c 20090512  |g PSBO 
801 2 |a RU  |b 63413507  |c 20101021  |g RCR 
900 |a Информационные технологии управления производством 
900 |a Информационные системы и технологии 
900 |a Информационно-компьютерные технологии в управлении 
900 |a Современные автоматизированные информационные технологии 
942 |c BK 
959 |a 58/20090508  |d 1  |e 188,90  |f ЧЗТЛ:1